[Event "Erfurt op-A 29th"]
[Site "Erfurt"]
[Date "2019.12.28"]
[Round "4"]
[White "Zech, Andreas"]
[Black "Pellicoro, Fabian"]
[Result "1-0"]
[WhiteElo "2038"]
[BlackElo "1889"]
[PlyCount "47"]
[EventDate "2019.12.26"]
[EventType "swiss"]
[EventRounds "8"]
[EventCountry "GER"]
[SourceTitle "CBM 194 Extra"]
[Source "ChessBase"]
[SourceDate "2020.03.31"]
[SourceVersion "1"]
[SourceVersionDate "2020.03.31"]
[SourceQuality "1"]

1. c4 c5 2. Nc3 Nf6 3. g3 d5 4. cxd5 Nxd5 5. Bg2 Nc7 6. d3 Nc6 7. Be3 e6 8. Bxc6+ bxc6 9. Qa4 Bb7 10. Nf3 Na6 11. 0-0 Be7 12. Rac1 0-0 13. Ne5 Rc8 14. Nc4 Bg5 15. Bxg5 Qxg5 16. Nd6 Qe7 17. Nxc8 Bxc8 18. Ne4 f5 19. Nxc5 Nxc5 20. Qb4 f4 21. Qxc5 Qf6 22. Qxc6 Qg5 23. Qd6 e5 24. Rxc8 1-0

[Event "Erfurt op-A 29th"]
[Site "Erfurt"]
[Date "2019.12.26"]
[Round "1"]
[White "Pellicoro, Fabian"]
[Black "Held, Carsten"]
[Result "1-0"]
[WhiteElo "1889"]
[BlackElo "2082"]
[PlyCount "79"]
[EventDate "2019.12.26"]
[EventType "swiss"]
[EventRounds "8"]
[EventCountry "GER"]
[SourceTitle "CBM 194 Extra"]
[Source "ChessBase"]
[SourceDate "2020.03.31"]
[SourceVersion "1"]
[SourceVersionDate "2020.03.31"]
[SourceQuality "1"]

1. e4 c5 2. Nf3 g6 3. d4 cxd4 4. Nxd4 Bg7 5. c4 Nc6 6. Be3 d6 7. Nc3 Nf6 8. Be2 0-0 9. 0-0 Bd7 10. f4 Nxd4 11. Bxd4 Bc6 12. Qc2 a5 13. Rad1 Nd7 14. Bxg7 Kxg7 15. Nd5 Rc8 16. Qc3+ f6 17. f5 Bxd5 18. Rxd5 Qb6+ 19. Kh1 Rc5 20. a3 a4 21. Qb4 Rxd5 22. exd5 Ra8 23. Qxb6 Nxb6 24. fxg6 hxg6 25. g4 Nd7 26. Kg2 Nc5 27. Kf3 Ra6 28. Re1 Rb6 29. Bd1 Kf7 30. Re2 Ra6 31. Ke3 Ra8 32. h4 Nd7 33. Kd4 Ne5 34. Rh2 Rc8 35. Be2 b5 36. cxb5 Rc2 37. h5 Rxb2 38. hxg6+ Kxg6 39. Bd3+ Nxd3 40. Rxb2 1-0